00570 a2200181 450000100060000002000180000604000260002410000190005024000160006924500110008530000100009636200090010665000310011594200070014695201090015395201090026299900170037148344 a9788562549496 cAnchieta - Bela Vista aRANDO, Silvana10aAmigoslpor10aAmigos a28 p.0 a2013 4aLiteratura infanto-juvenil cBK 00104070a91.4b91.4d2023-11-21l0o028.5 R192a RAN AMIp188/BELr2023-11-21 17:39:40w2023-11-21yBK 00104070a91.4b91.4d2023-11-21l0o028.5 R192a RAN AMIp189/BELr2023-11-21 17:39:40w2023-11-21yBK c48344d48344